| 000 | 00499nam a2200145Ia 4500 | ||
|---|---|---|---|
| 003 | OSt | ||
| 005 | 20260123142801.0 | ||
| 008 | 211028s2016 xx 000 0 und d | ||
| 040 | _cAIMIT LIBRARY | ||
| 041 | _aeng | ||
| 100 |
_aBantwal, Sagar Naik; D Souza, Rayan. _g1416123 _97542 |
||
| 245 | _aStudy on the customer perception towards the preferred upscale restaurants in Mangalore- with reference to the gateway hotel Mangalore / | ||
| 260 |
_aMangalore _bRayan D Souza. _c2016 |
||
| 942 |
_2ddc _cPRO |
||
| 999 |
_c219110 _d219110 |
||